|
|
|
|
| LEADER |
00000cac a2200000 a 4500 |
| 001 |
46854 |
| 003 |
Ucuenca |
| 005 |
20231017080243.0 |
| 008 |
999072|1999 ec |||||r|||||||||||spa|| |
| 020 |
|
|
|a 997814031X
|
| 040 |
|
|
|b spa
|
| 041 |
0 |
|
|a spa
|
| 082 |
0 |
|
|a E861.4
|
| 100 |
1 |
|
|a Torres Palchisaca, Galo Alfredo
|d 1962-
|9 224799
|
| 245 |
|
|
|a Cuadernos de sonajería
|c Galo Alfredo Torres
|h imp
|
| 264 |
|
|
|a Cuenca
|b Universidad de Cuenca
|c 1999
|
| 300 |
|
|
|a 56 páginas:
|c 20 cm
|
| 490 |
|
|
|a La [h]onda de David
|
| 650 |
|
0 |
|a Poesía cuencana
|9 4951
|
| 650 |
1 |
7 |
|a Poesía ecuatoriana
|9 618
|
| 852 |
|
|
|a UC-CDJBV
|f Donación
|l 1
|m General
|p 19990723
|q 10000
|r 8
|t 46854
|b 0
|d CDRC
|e CDRC
|g E861.4 TERCER PISO
|z 1999-90-72
|
| 942 |
|
|
|c CR
|2 ddc
|z teodoro.astudillo@ucuenca.edu.ec
|0 1
|
| 999 |
|
|
|c 114306
|d 114306
|